| 000 | 00000nam 2200000zi 4500 |
| 001 | 9.945656 |
| 003 | CaOODSP |
| 005 | 20241127134243 |
| 006 | m o d f |
| 007 | cr bn||||||||| |
| 008 | 241127e197003 onc ob f000 0 fre d |
| 040 | |aCaOODSP|bfre|erda|cCaOODSP |
| 043 | |an-cn--- |
| 086 | 1 |aSP91-1/1970F-PDF|zSP91-C/1970F |
| 245 | 00|aPublications du gouvernement fédéral : |bexposé de classification. |
| 246 | 35|aExposé de classification des publications du gouvernement fédéral |
| 246 | 34|aExposé de la classification, mars 1970 |
| 264 | 1|aOttawa : |bBibliothèque des documents, Information Canada, |cmars 1970. |
| 300 | |a1 ressource en ligne (1 volume (en pagination multiple)) |
| 336 | |atexte|btxt|2rdacontent/fre |
| 337 | |ainformatique|bc|2rdamedia/fre |
| 338 | |aressource en ligne|bcr|2rdacarrier/fre |
| 500 | |aPublié aussi en anglais sous le titre : Canadian government publications : outline of classification. |
| 500 | |aÉdition numérisée de l'imprimée [par Direction des publications du Gouvernement du Canada]. |
| 504 | |aComprend des références bibliographiques. |
| 650 | 6|aClassification|xPublications officielles. |
| 650 | 6|aPublications officielles|zCanada. |
| 710 | 1 |aCanada.|bInformation Canada, |eorganisme de publication. |
| 775 | 08|tCanadian government publications : |w(CaOODSP)9.945655 |
| 856 | 40|qPDF|s7.05 Mo|uhttps://publications.gc.ca/collections/collection_2024/spac-pspc/SP91-1-1970-fra.pdf |